| 000 | 00521nam a2200193Ia 4500 | ||
|---|---|---|---|
| 005 | 20250508155355.0 | ||
| 008 | 008 250505s9999 xx 000 0 hin d | ||
| 037 | _aTextual | ||
| 040 |
_aFEDL _beng _cFEDL |
||
| 041 |
_ahin _2eng |
||
| 084 |
_a104, TAG _qFEDL |
||
| 100 | _aTagore Rabindranath | ||
| 245 | 0 | _aShantiniketan | |
| 260 |
_aUttar Pradesh, India _bBharti Association Publications _c1959 |
||
| 300 | _a392p | ||
| 650 | _aPhilosophy | ||
| 942 |
_cTEXL _h104, TAG |
||
| 999 |
_c1356335 _d1356335 |
||